[Event "Budapest FS06 GM"]
[Site "Budapest"]
[Date "1998.??.??"]
[Round "7"]
[White "Stocek, Jiri"]
[Black "Bunzmann, Dimitrij"]
[Result "1/2-1/2"]
[WhiteElo "2450"]
[BlackElo "2390"]

1.d4 e6 2.c4 Nf6 3.Nc3 Bb4 4.Nf3 c5 5.Bd2 cxd4 6.Nxd4 Nc6 7.a3 Be7 8.Bg5 O-O
9.e3 h6 10.Bh4 d5 11.Be2 Nxd4 12.Qxd4 dxc4 13.Rd1 Qxd4 14.Rxd4 Rd8 15.Rxc4 Bd7
16.Bf3 Rac8 17.Rxc8 Rxc8 18.Kd2  1/2-1/2

[Event "Budapest Nyar-A"]
[Site "Budapest"]
[Date "1998.??.??"]
[Round "9"]
[White "Stocek, Jiri"]
[Black "Varga, Zoltan"]
[Result "1/2-1/2"]
[WhiteElo "2470"]
[BlackElo "2565"]

1.d4 Nf6 2.c4 e6 3.Nc3 Bb4 4.Nf3 O-O 5.e3 c5 6.Bd3 d5 7.O-O Nc6 8.a3 Bxc3
9.bxc3 dxc4 10.Bxc4 Qc7 11.h3 b6 12.Re1 Bb7 13.Bd3 e5 14.e4 cxd4 15.cxd4 Nxd4
16.Nxd4 exd4 17.e5 Qc6 18.Bf1 Ne4 19.Qxd4 Rfd8 20.Qe3 h6 21.Bb2 Qc2 22.Re2 Qc6
23.Ree1 Qc2 24.Re2 Qc6 25.Ree1  1/2-1/2

[Event "Golden Cleopatra"]
[Site "Cairo"]
[Date "1998.??.??"]
[Round "4"]
[White "Ghitescu, Theodor"]
[Black "Labib, Ibrahim Hasan"]
[Result "0-1"]
[WhiteElo "2355"]
[BlackElo "2305"]

1.d4 Nf6 2.c4 e6 3.Nc3 Bb4 4.Nf3 b6 5.Bg5 Bb7 6.e3 h6 7.Bh4 Bxc3+ 8.bxc3 d6
9.Nd2 Nbd7 10.f3 Qe7 11.Qa4 e5 12.e4 O-O 13.Be2 Rfe8 14.O-O-O a6 15.Qc2 b5
16.Nf1 bxc4 17.d5 c6 18.dxc6 Bxc6 19.Ne3 d5 20.exd5 Qa3+ 21.Qb2 Qc5 22.dxc6 Reb8
23.cxd7 Rxb2 24.d8=Q+ Rxd8 25.Rxd8+ Kh7 26.Kxb2 Qxe3 27.Rhd1 Qxe2+ 28.R8d2 Qe3
29.Rd6 Nh5 30.Bg3 a5 31.Re1 Qc5 32.Rd2 Nxg3 33.hxg3 a4 34.Rde2 a3+ 35.Kc2 Qd6
36.Kc1 Qb6 37.Rd2 Kg6 38.Rxe5 Qg1+ 39.Kc2 Qa1 40.Rb5 Qxa2+ 41.Kc1 Qa1+ 42.Kc2 Qa2+
43.Kc1 Qa1+ 44.Kc2 a2 45.Rb2 h5 46.Rd6+ f6 47.Rd2 Kh6 48.g4 h4 49.f4 Kg6
50.g5 fxg5 51.fxg5 Kxg5 52.Rd4 Kh5 53.Rb5+ g5 54.Rb2 Qg1 55.Rxa2 Qxg2+ 56.Rd2 Qf1
57.Ra8 h3 58.Re8 Kh4  0-1

[Event "Moravia-chT 9798"]
[Site "CZE"]
[Date "1998.??.??"]
[Round "6.2"]
[White "Frolik, Martin"]
[Black "Cempel, Jaroslav"]
[Result "0-1"]
[WhiteElo "2265"]
[BlackElo "2270"]

1.d4 Nf6 2.Nf3 e6 3.c4 Bb4+ 4.Nc3 c5 5.e3 Nc6 6.Bd3 Bxc3+ 7.bxc3 d6 8.Qc2 Qe7
9.Nd2 b6 10.O-O Bb7 11.a4 O-O 12.Ba3 h6 13.Nb3 e5 14.e4 exd4 15.cxd4 cxd4
16.f4 Nd7 17.Rfe1 Nc5 18.Rad1 Rfe8 19.Bf1 Qf6 20.Bc1 d3 21.Qb1 Nxe4 22.Rxd3 Nc5
23.Rde3 Rxe3 24.Bxe3 Nxa4 25.Bd3 Qb2 26.h3 Nb4 27.Qxb2 Nxb2 28.Bf1 Re8 29.Bd2 Rxe1
30.Bxe1 a5 31.Nd4 Na4 32.Nb5 d5 33.Nd6 Bc6 34.Nc8 Kf8 35.Bf2  0-1

[Event "Moravia-chT 9798"]
[Site "CZE"]
[Date "1998.??.??"]
[Round "10.1"]
[White "Firt, Stanislav"]
[Black "Veselovsky, Sergey"]
[Result "1/2-1/2"]
[WhiteElo "2335"]
[BlackElo "2435"]

1.d4 Nf6 2.c4 e6 3.Nc3 Bb4 4.Nf3 c5 5.g3 Ne4 6.Qd3 cxd4 7.Nxd4 Nxc3 8.bxc3 Be7
9.Bg2 a6 10.Be3 Qc7 11.O-O d6 12.f4 Nd7 13.Nb3 O-O 14.Rab1 Rd8 15.Bd4 Rb8
16.Ba7 Ra8 17.Bd4 Rb8 18.Ba7 Ra8 19.Bd4  1/2-1/2

[Event "Dieren op"]
[Site "Dieren"]
[Date "1998.??.??"]
[Round "3"]
[White "Barsov, Alexei"]
[Black "Vink, Nico"]
[Result "1-0"]
[WhiteElo "2465"]
[BlackElo "2235"]

1.d4 Nf6 2.Nf3 e6 3.c4 Bb4+ 4.Nc3 b6 5.Qb3 Bxc3+ 6.Qxc3 Bb7 7.g3 d6 8.Bg2 Nbd7
9.O-O a5 10.b3 O-O 11.Bb2 Re8 12.Rfd1 Qe7 13.Bf1 Rac8 14.Rac1 h6 15.Ne1 e5
16.d5 Nc5 17.Bh3 Ra8 18.Bg2 Bc8 19.Nc2 Bd7 20.Re1 Nfe4 21.Qe3 f5 22.f3 Nf6
23.Qd2 Rf8 24.Rf1 f4 25.gxf4 exf4 26.Qxf4 Nxd5 27.Qg3 Nf4 28.Rce1 Rf7 29.Nd4 Raf8
30.Kh1 Rf6 31.Rg1 Rg6 32.Qf2 Ne4 33.fxe4 Nh3 34.Qxf8+ Kxf8 35.Rgf1+ Rf6 36.Nf5 Bxf5
37.Bxf6 gxf6 38.Rxf5 Ng5 39.e5 dxe5 40.Ref1 Kg7 41.h4 Nf7 42.Bd5 c6 43.Bxc6 Nd6
44.Rxf6 Qxf6 45.Rxf6 Kxf6 46.e4 Nf7 47.Kg2 Nd6 48.Kf3 h5 49.a3 Ke7 50.Ke3 Kd8
51.Kd3 Nc8 52.Bd5 Ke8 53.c5 bxc5 54.Kc4 Ne7 55.Kxc5 Ng6 56.Bc4 Nxh4 57.Be2 Ng2
58.Bxh5+ Kd7 59.Kb5 Nf4 60.Bg4+ Kd6 61.Kxa5 Nd3 62.b4  1-0

[Event "Sparkasse op"]
[Site "Dortmund"]
[Date "1998.??.??"]
[Round "?"]
[White "Mijatovic, Mijo"]
[Black "Leitao, Rafael"]
[Result "0-1"]
[WhiteElo "2135"]
[BlackElo "2515"]

1.d4 Nf6 2.c4 e6 3.Nc3 Bb4 4.Nf3 b6 5.Bg5 Bb7 6.e3 h6 7.Bh4 g5 8.Bg3 Ne4
9.Qb3 Bxc3+ 10.bxc3 h5 11.d5 d6 12.h4 g4 13.Nd2 Nxg3 14.fxg3 Nd7 15.Be2 Nc5
16.Qb5+ Qd7 17.Qxd7+ Kxd7 18.O-O Rhf8 19.e4 c6 20.Rf6 Ke7 21.Rf4 Rac8 22.Re1 Nd7
23.Nf1 Ne5 24.Ne3 cxd5 25.exd5 exd5 26.cxd5 Rxc3 27.Bb5 Bc8 28.Kh2 Bd7 29.Bxd7 Kxd7
30.Rf6 Re8 31.Nd1 Rd3 32.Ref1 Rxd5 33.R6f5 Rc8 34.Rxh5 Nf3+ 35.gxf3 Rxh5
36.fxg4 Rh7 37.Rf2 Re8 38.Nc3 Re5 39.g5 d5 40.Kg2 Kc6 41.Rf6+ Kc5 42.Kf3 Kc4
43.Kf4 Re1 44.Rc6+ Kd4 45.Nb5+ Kd3 46.Rc7 Rf1+ 47.Kg4 a6 48.g6 Rg7 49.h5 axb5  0-1

[Event "Dresden zt"]
[Site "Dresden"]
[Date "1998.??.??"]
[Round "5"]
[White "Alterman, Boris"]
[Black "Stanec, Nikolaus"]
[Result "1-0"]
[WhiteElo "2615"]
[BlackElo "2485"]

1.d4 Nf6 2.c4 e6 3.Nc3 Bb4 4.Nf3 c5 5.g3 O-O 6.Bg2 d6 7.O-O Bxc3 8.bxc3 Nc6
9.Bf4 Ne4 10.dxc5 e5 11.Be3 Nxc5 12.Ng5 Qe7 13.Qc2 f5 14.Bd5+ Kh8 15.f4 e4
16.Rab1 h6 17.Nh3 Qc7 18.Bxc5 dxc5 19.Nf2 Ne7 20.Nd1 Nxd5 21.cxd5 Bd7 22.c4 Rf6
23.Ne3 Raf8 24.Qb2 b6 25.Rfd1 Rd6 26.Qc3 Kh7 27.Rd2 Qd8 28.Qe5 Qc7 29.Qc3 Qd8
30.Qe5 Bc8 31.a4 Re8 32.Qa1 a5 33.Rdb2 Qf6 34.Rb3 Qxa1 35.Rxa1 Rf8 36.h3 g5
37.Ng2 Bd7 38.Kf2 Kg6 39.e3 gxf4 40.Nxf4+ Kf7 41.Rb2 Ke7 42.Kg2 Kd8 43.Rf2 Kc8
44.Kh2 Kb7 45.Raa2 Rff6 46.Nh5 Rg6 47.Rf4 Rg8 48.g4 fxg4 49.Nf6 g3+ 50.Kg2 Rg7
51.Nxd7 Rdxd7 52.Rxe4 Rdf7 53.Re2 h5 54.Rh4 Rg5 55.e4 Re5 56.Kxg3 Rg5+ 57.Kh2 Re5
58.Kg1 Rf3 59.Rf2 Rg5+ 60.Kf1 Ra3 61.Rf7+ Ka6 62.d6 Rgg3 63.Rxh5 Rgb3 64.Rh8 Ra1+
65.Kg2  1-0

[Event "Dresden zt"]
[Site "Dresden"]
[Date "1998.??.??"]
[Round "8"]
[White "Alterman, Boris"]
[Black "Kurajica, Bojan"]
[Result "1-0"]
[WhiteElo "2615"]
[BlackElo "2580"]

1.d4 Nf6 2.c4 e6 3.Nc3 Bb4 4.Nf3 b6 5.Qb3 c5 6.Bg5 h6 7.Bh4 Bb7 8.e3 Qe7
9.O-O-O cxd4 10.exd4 Bxc3 11.Qxc3 d5 12.Kb1 O-O 13.Ne5 g5 14.Bg3 dxc4 15.Bxc4 Rc8
16.h4 Nd5 17.Qd2 f6 18.hxg5 hxg5 19.Bxd5 Bxd5 20.Rh8+  1-0

[Event "Centrocoop Sept op-A"]
[Site "Eforie Nord"]
[Date "1998.??.??"]
[Round "?"]
[White "Florean, Andrei"]
[Black "Itkis, Boris"]
[Result "1/2-1/2"]
[WhiteElo "2450"]
[BlackElo "2465"]

1.d4 Nf6 2.c4 e6 3.Nc3 Bb4 4.Nf3 c5 5.g3 b6 6.Bg2 Bb7 7.O-O cxd4 8.Nb5 a6
9.Nbxd4 O-O 10.a3 Be7 11.b3 d6 12.Bb2 Nbd7 13.Rc1 Rc8  1/2-1/2

[Event "Centrocoop Sept op-A"]
[Site "Eforie Nord"]
[Date "1998.??.??"]
[Round "?"]
[White "Florean, Andrei"]
[Black "Moldovan, Daniel"]
[Result "1-0"]
[WhiteElo "2450"]
[BlackElo "2455"]

1.d4 Nf6 2.c4 e6 3.Nc3 Bb4 4.Nf3 b6 5.Bg5 h6 6.Bh4 Bb7 7.e3 Bxc3+ 8.bxc3 g5
9.Bg3 Nh5 10.Bd3 d6 11.c5 Nxg3 12.hxg3 bxc5 13.dxc5 Qf6 14.cxd6 Qxc3+ 15.Kf1 cxd6
16.Rc1 Qa5 17.Qb3 Bxf3 18.Rc8+ Ke7 19.Rxh8 Nd7 20.R1xh6 Nc5 21.Qb2 Nxd3 22.Qf6+ Kd7
23.Qxf7+ Kc6 24.Qxf3+ Kb6 25.Qd1 Qxa2 26.Qxd3 Qa1+ 27.Ke2 Rxh8 28.Qxd6+ Kb7
29.Qd7+ Kb8 30.Qb5+ Ka8 31.Qc6+ Kb8 32.Qd6+ Kb7 33.Rxe6 Qa2+ 34.Kf3 Qc4 35.g4 Rh7
36.Re7+ Rxe7 37.Qxe7+ Kb6 38.Qxg5 Qc6+ 39.e4 a5 40.Qd8+ Ka6 41.g5  1-0

[Event "Oberliga Ost A9899"]
[Site "GER"]
[Date "1998.??.??"]
[Round "?"]
[White "Fiedler, Torsten"]
[Black "Seidens, Udo"]
[Result "0-1"]
[WhiteElo "2300"]
[BlackElo "2200"]

1.d4 Nf6 2.c4 e6 3.Nc3 Bb4 4.Nf3 d5 5.Bg5 h6 6.Bxf6 Qxf6 7.cxd5 exd5 8.Qb3 c5
9.e3 Nc6 10.dxc5 O-O 11.a3 Ba5 12.O-O-O Bxc3 13.Qxc3 Qxc3+ 14.bxc3 Be6 15.Bb5 Na5
16.Nd4 a6 17.Nxe6 fxe6 18.Bd7 Nb3+  0-1

[Event "Bundesliga 9798"]
[Site "Germany"]
[Date "1998.??.??"]
[Round "?.6"]
[White "Hansen, Curt"]
[Black "Wilhelmi, Christian"]
[Result "1-0"]
[WhiteElo "2600"]
[BlackElo "2405"]

1.c4 Nf6 2.Nc3 e6 3.d4 Bb4 4.Nf3 Nc6 5.e3 d6 6.Qc2 e5 7.a3 Bxc3+ 8.Qxc3 Bg4
9.dxe5 dxe5 10.b4 Qe7 11.b5 Bxf3 12.gxf3 Nd4 13.Bg2 Rd8 14.Bb2 O-O 15.Kf1 Nf5
16.Qxe5 Qd7 17.Qc3 Nh5 18.h4 Qd2 19.Qxd2 Rxd2 20.Be5 Rfd8 21.Kg1 Rc2 22.f4 Rxc4
23.Ra2 c6 24.bxc6 bxc6 25.Bf3 Nf6 26.Kg2 Nd5 27.h5 f6 28.Ba1 Kf7 29.Be2 Ra4
30.Rc1 Nfe7 31.Bc4 Rb8 32.Kf3 Ke8 33.h6 g6 34.Bxd5 Nxd5 35.Rxc6 Rb3 36.Rd2 Rxf4+
37.Ke2 Rf5 38.Rc8+ Kf7 39.Rh8 Rxa3 40.Rxh7+ Ke6 41.Bb2 Ra4 42.Rh8 Rh4 43.h7 Ne7
44.Ba3 Rfh5 45.Rd6+ Kf5 46.Rf8 Rxh7 47.Rfxf6+ Kg5 48.Ra6 Nd5 49.Rxg6+ Kf5
50.Rgc6 Rd7 51.Ra5 Re4 52.Kf3 Rh4 53.Bd6  1-0

[Event "Bundesliga 9798"]
[Site "Germany"]
[Date "1998.??.??"]
[Round "?.4"]
[White "Wells, Peter K"]
[Black "Appel, Ralf"]
[Result "1/2-1/2"]
[WhiteElo "2530"]
[BlackElo "2495"]

1.d4 Nf6 2.Nf3 e6 3.c4 Bb4+ 4.Nc3 b6 5.Bg5 Bb7 6.e3 h6 7.Bh4 Bxc3+ 8.bxc3 d6
9.Nd2 e5 10.f3 Qe7 11.e4 Nbd7 12.Bd3 g5 13.Bf2 Nh5 14.Nf1 f5 15.Ne3 fxe4
16.fxe4 Nf4 17.d5 Nxd3+ 18.Qxd3 Nc5 19.Qc2 Bc8 20.Nf1 Bd7 21.Ng3 O-O-O 22.O-O Rhf8
23.Rae1 Rf4 24.Be3 Rdf8 25.Bxf4 gxf4 26.Ne2 Ba4 27.Qb1 Rg8 28.Kh1 Qg5 29.Rf2 Qh4
30.Ref1 Be8 31.Nd4 exd4 32.cxd4 Nd7 33.Rxf4 Qg5 34.Qc2 Bg6 35.Qe2 Re8 36.Qf3 Kb7
37.Re1 Bh5 38.Qf2 Qg7 39.h3 Re7 40.Kh2 a5 41.Rb1 Kc8 42.Kh1 Re8 43.Re1 Qh7
44.Kg1  1/2-1/2

[Event "Bundesliga 9798"]
[Site "Germany"]
[Date "1998.??.??"]
[Round "?.4"]
[White "Wells, Peter K"]
[Black "Thinius, Marco"]
[Result "1/2-1/2"]
[WhiteElo "2530"]
[BlackElo "2310"]

1.d4 Nf6 2.c4 e6 3.Nf3 Bb4+ 4.Nc3 b6 5.Qb3 c5 6.a3 Ba5 7.Bg5 Bb7 8.Rd1 O-O
9.e3 Bxc3+ 10.bxc3 h6 11.Bh4 Qe7 12.Be2 d6 13.O-O Nc6 14.Nd2 Na5 15.Qb1 Rac8
16.e4 e5 17.d5 Rb8 18.Rfe1 Ba6 19.Nf1 g5 20.Bg3 Nxc4 21.Qa2 Nxe4 22.Bxc4 Nxc3
23.Qc2 Bxc4 24.Qxc3 Bxf1 25.Kxf1 f5 26.f4 e4 27.h3 Rbe8 28.Kg1 Kh7 29.Re2 Rg8
30.Rf1 g4 31.h4 Qg7 32.Qxg7+ Kxg7 33.Rb1 Rc8 34.Rc2 Rc7 35.a4 Rgc8 36.Bf2 Kf7
37.Kf1 Rb7 38.Rcb2 Ke7 39.Ke2 h5 40.Kd2 Kd7 41.Kc3 Rcb8 42.Kc4 a6 43.Be1 Kc7
44.Rxb6 Rxb6 45.Ba5 Rb7  1/2-1/2

[Event "Capablanca mem Masters I"]
[Site "Havana"]
[Date "1998.??.??"]
[Round "4"]
[White "Clavijo, Jorge Mario"]
[Black "Lipnowski, Irvin"]
[Result "0-1"]
[WhiteElo "2365"]
[BlackElo "2335"]

1.d4 Nf6 2.c4 e6 3.Nc3 Bb4 4.Nf3 c5 5.e3 Nc6 6.Bd3 Bxc3+ 7.bxc3 d6 8.O-O e5
9.Nd2 O-O 10.d5 Ne7 11.Qc2 Ng6 12.Re1 Ng4 13.Nf1 f5 14.f3 Nh6 15.Ng3 Qh4
16.Re2 e4 17.fxe4 Ng4 18.Nf1 fxe4 19.Bxe4 Rxf1+ 20.Kxf1 Nxh2+ 21.Kg1 Ng4
22.Rf2 Nxf2 23.Bxg6 Ng4 24.Bd3 Qe1+ 25.Bf1 Qg3 26.Bd3 Bd7  0-1

[Event "Saitek US Masters"]
[Site "Hawaii"]
[Date "1998.??.??"]
[Round "4"]
[White "Mont Reynaud, Jordy"]
[Black "Shaked, Tal"]
[Result "1/2-1/2"]
[WhiteElo "2125"]
[BlackElo "2535"]

1.d4 Nf6 2.c4 e6 3.Nc3 Bb4 4.Nf3 b6 5.g3 Bxc3+ 6.bxc3 Bb7 7.Bg2 O-O 8.O-O d6
9.c5 dxc5 10.Ba3 Nbd7 11.dxc5 bxc5 12.Qa4 Nd5 13.Qa5 c6 14.Qxd8 Rfxd8 15.c4 N5b6
16.Nd2 Ne5 17.Nb3 Nexc4 18.Bxc5 Ba6 19.Bxc6 Rab8  1/2-1/2

[Event "HUN-chT9899"]
[Site "HUN"]
[Date "1998.??.??"]
[Round "?"]
[White "Krutti, Valer"]
[Black "Orso, Miklos"]
[Result "1/2-1/2"]
[WhiteElo "2360"]
[BlackElo "2360"]

1.d4 Nf6 2.c4 e6 3.Nc3 Bb4 4.Nf3 c5 5.g3 d6 6.Bg2 Nbd7 7.O-O Bxc3 8.bxc3 Qe7
9.Nd2 e5 10.Rb1 O-O 11.Ba3 e4 12.e3 Re8 13.Qc2 b6 14.Rbe1 Bb7 15.Bh3 Rac8
16.Qa4 Rc7 17.Bc1 h6 18.Bg2 Bc6 19.Qb3 Nf8 20.a4 N8h7 21.a5 bxa5 22.Qa3 a4
23.Qa2 Ng5 24.d5 Bd7 25.h4 Ngh7 26.f4 exf3 27.Rxf3 Ng4 28.Rf4 Nhf6 29.e4 Nh5
30.Rf3 Ne5 31.Rfe3 Rb7 32.Bf1 Nf6 33.Be2 Nfg4 34.Bxg4 Nxg4 35.Rf3 Ne5 36.Rfe3 Reb8
37.Kg2 Rb3  1/2-1/2

[Event "HUN-chT2 9798"]
[Site "HUN"]
[Date "1998.??.??"]
[Round "?"]
[White "Ladanyi, Tibor"]
[Black "Tamas, Gyorgy"]
[Result "1-0"]
[WhiteElo "2280"]
[BlackElo "2140"]

1.d4 Nf6 2.c4 e6 3.Nc3 Bb4 4.Nf3 Bxc3+ 5.bxc3 O-O 6.Bg5 h6 7.Bh4 d6 8.e3 Nbd7
9.Bd3 e5 10.Nd2 Re8 11.Qc2 c5 12.O-O Qe7 13.f4 exf4 14.exf4 Qe6 15.h3 Nf8
16.Rae1 Qd7 17.Bxf6 gxf6 18.Ne4 Kg7 19.Qf2 Qd8 20.Qg3+ Kh8 21.Nxf6  1-0

[Event "HUN-chT 9798"]
[Site "Hungary"]
[Date "1998.??.??"]
[Round "?"]
[White "Kahn, Evarth"]
[Black "Seres, Lajos"]
[Result "1/2-1/2"]
[WhiteElo "2370"]
[BlackElo "2470"]

1.d4 Nf6 2.c4 e6 3.Nc3 Bb4 4.Nf3 b6 5.g3 Ba6 6.Qb3 c5 7.a3 Ba5 8.Bg2 Nc6
9.O-O O-O 10.d5 exd5 11.Nxd5 Nxd5 12.cxd5 Ne7 13.Qc2 Rc8 14.Ng5 Ng6 15.h4 f5
16.d6 Qf6 17.Rd1 h6 18.Nh3  1/2-1/2

[Event "ISL-chT 9798"]
[Site "Iceland"]
[Date "1998.??.??"]
[Round "?"]
[White "Thorsteins, Karl"]
[Black "Ulfarsson, Magnus Orn"]
[Result "1/2-1/2"]
[WhiteElo "2495"]
[BlackElo "2305"]

1.d4 Nf6 2.c4 e6 3.Nc3 Bb4 4.Nf3 b6 5.Qb3 c5 6.a3 Ba5 7.dxc5 bxc5 8.Bg5 O-O
9.O-O-O Bxc3 10.Qxc3 Ne4 11.Qe3 Nxg5 12.Nxg5 Nc6 13.Ne4 Rb8 14.Qxc5 Ba6 15.e3 Rb3
16.Be2 f5 17.Qxc6 dxc6 18.Rxd8 Rxd8 19.Nc5 Rb6 20.Nxe6 Re8 21.Nc7 Reb8 22.b4 c5
23.Nd5 Rd6 24.Rd1 Rbd8 25.bxc5 Rxd5 26.cxd5 Bxe2 27.Rd4 Kf7 28.Kc2 Ke7 29.Kc3 Rc8
30.Kb4 a5+ 31.Kxa5 Rxc5+ 32.Kb4 Kd6 33.e4 fxe4 34.Rxe4 Bd3 35.Re6+ Kxd5 36.Re7 Rc4+
37.Kb3 Bc2+ 38.Kb2 Ba4 39.Rxg7 Rc2+ 40.Ka1 Rxf2 41.Rxh7 Kc4 42.Rc7+ Kb3 43.Kb1 Rxg2
44.Kc1 Rxh2 45.Rg7 Kxa3 46.Ra7 Rc2+ 47.Kb1 Rc4 48.Rb7 Bc2+ 49.Ka1 Be4 50.Rb3+ Ka4
51.Ra3+ Kb4 52.Rb3+ Kc5 53.Rb8 Kd4 54.Kb2 Rc2+ 55.Kb3 Rg2 56.Rh8 Bd5+ 57.Ka3 Be6
58.Re8 Bc4 59.Kb4 Rb2+ 60.Ka5  1/2-1/2

[Event "Karvina op"]
[Site "Karvina"]
[Date "1998.??.??"]
[Round "?"]
[White "Furman, Boris"]
[Black "Dubinka, Inna"]
[Result "1/2-1/2"]
[WhiteElo "2245"]
[BlackElo "2315"]

1.d4 Nf6 2.c4 e6 3.Nc3 Bb4 4.Nf3 c5 5.g3 O-O 6.Bg2 cxd4 7.Nxd4 d5 8.cxd5 Nxd5
9.Qb3 Nc6 10.Nxc6 bxc6 11.O-O Rb8 12.Na4 Qc7 13.Qc2 Bd7 14.e4 Nb6 15.Nxb6 axb6
16.Be3 e5 17.Rfd1 Rfd8 18.Rd3 Be8 19.Rxd8 Qxd8 20.Rd1 Qe7 21.f4 exf4 22.gxf4 Bc5
23.Bxc5 bxc5 24.b3 Rb4 25.Rc1 c4 26.bxc4 Qf6 27.a3 Qd4+ 28.Qf2 Rxc4 29.Qxd4 Rxd4
30.Rc3  1/2-1/2

[Event "Russia-chB (Women)"]
[Site "Kolontaevo"]
[Date "1998.??.??"]
[Round "?"]
[White "Lundina, Aelita"]
[Black "Galianina, Julia"]
[Result "0-1"]
[WhiteElo "2250"]
[BlackElo "2295"]

1.d4 Nf6 2.c4 e6 3.Nf3 Bb4+ 4.Nc3 Ne4 5.Qc2 f5 6.e3 b6 7.Be2 Bb7 8.O-O Bxc3
9.bxc3 O-O 10.Nd2 Qg5 11.Bf3 Qg6 12.Bxe4 Bxe4 13.Nxe4 fxe4 14.Ba3 d6 15.c5 dxc5
16.dxc5 Rf7 17.Qa4 Nd7 18.cxb6 Nxb6 19.Qc6 h5 20.Rad1 Rb8 21.Rd4 Qf5 22.Rxe4 Nd5
23.Rxe6 Qxf2+  0-1

[Event "Le Touquet op"]
[Site "Le Touquet"]
[Date "1998.??.??"]
[Round "4"]
[White "Barsov, Alexei"]
[Black "Mancini, Mario"]
[Result "1-0"]
[WhiteElo "2465"]
[BlackElo "2320"]

1.d4 Nf6 2.c4 e6 3.Nc3 Bb4 4.Nf3 c5 5.g3 b6 6.dxc5 bxc5 7.Bg2 Bb7 8.O-O Bxc3
9.bxc3 O-O 10.Bf4 Qc8 11.Rb1 Be4 12.Rb5 a6 13.Ra5 d5 14.Qa4 Nbd7 15.cxd5 Nb6
16.Qb3 Nbxd5 17.Bg5 c4 18.Qa3 Nd7 19.Ne1 Bxg2 20.Nxg2 h6 21.Bd2 Qc6 22.Ne3 Nxe3
23.Bxe3 Rfd8 24.f3 Nf6 25.Bd4 Rd5 26.Rb1 Rxa5 27.Qxa5 Nd7 28.Rb4 Re8 29.Qa4 Rc8
30.Qxc6 Rxc6 31.Rb7 Nc5 32.Ra7 Na4 33.Kf2 f6 34.f4 Nb2 35.Ke3 Na4 36.Kd2 Kf8
37.Kc2 Kg8 38.Rb7 Nc5 39.Bxc5 Rxc5 40.Rb6 Ra5 41.Kb2 Kf7 42.e4 g5 43.h3 gxf4
44.gxf4 Ke7 45.Rb7+ Ke8 46.Rb6 Ke7 47.Rb7+ Ke8 48.Ra7 Kf8 49.Rc7 Rh5 50.Rxc4 Rxh3
51.Rd4 Ke7 52.c4 Rg3 53.c5 Rg8 54.Kc3 h5 55.Rb4 Kd7 56.Kc4 Rg4 57.Rb7+ Kc8
58.Re7 Rxf4 59.Rxe6 f5  1-0

[Event "Miskolc Avas op-B"]
[Site "Miskolc"]
[Date "1998.??.??"]
[Round "2"]
[White "Fedor, Bela"]
[Black "Kristof, Peter"]
[Result "1-0"]
[WhiteElo "1755"]
[BlackElo "1855"]

1.d4 e6 2.c4 Nf6 3.Nc3 Bb4 4.Nf3 O-O 5.e3 d5 6.Bd3 Ne4 7.Qc2 f5 8.O-O b6
9.cxd5 Bxc3 10.bxc3 exd5 11.a4 Rf6 12.c4 c6 13.cxd5 cxd5 14.Bd2 Bb7 15.a5 Nd7
16.a6 Rc8 17.Qb2 Ba8 18.Rfc1 Rfc6 19.Rxc6 Rxc6 20.Bb4 Qc7 21.Ne1 Rh6 22.g3 Ndf6
23.Rc1 Qd7 24.Nf3 Ng4 25.Be1 Bc6 26.Ne5 Nxe5 27.dxe5 Nc5 28.Bf1 Re6 29.Bb4 Ne4
30.Qc2 g6 31.f3 Ng5 32.Kf2 Ba4 33.Qc7 Kf7 34.h4  1-0

[Event "Miskolc Avas op-B"]
[Site "Miskolc"]
[Date "1998.??.??"]
[Round "6"]
[White "Fedor, Bela"]
[Black "Vodila, Gergely"]
[Result "0-1"]
[WhiteElo "1755"]
[BlackElo "1740"]

1.d4 Nf6 2.c4 e6 3.Nc3 Bb4 4.Nf3 d5 5.e3 O-O 6.Bd3 dxc4 7.Bxc4 c5 8.a3 cxd4
9.Nxd4 Bxc3+ 10.bxc3 Bd7 11.O-O Nc6 12.Nf3 Rc8 13.Qe2 Na5 14.Bd3 Rxc3 15.Bb2 Rc8
16.Rfd1 Nb3 17.Rab1 Nc5 18.Bb5 Qe7 19.Be5 Bxb5 20.Qxb5 Rfd8 21.Rbc1 b6 22.Qb4 Rxd1+
23.Rxd1 Rd8 24.Rd4 Rxd4 25.exd4 Nd5 26.Qb5 Qd7 27.Qb1 Nb7 28.Qc1 f6 29.Bg3 Nd8
30.h4 Qc6 31.Qb2 Qc3 32.Qb5 Qxa3 33.Qd7 Qe7 34.Qc8 Kf7 35.h5 b5 36.Bh4 Qc7
37.Qa6 b4 38.Nd2 Qc1+ 39.Nf1 b3 40.Qxa7+ Ne7 41.Qb6 b2 42.d5 exd5 43.Bxf6 gxf6
44.Qxd8 b1=Q  0-1

[Event "EU-ch U16"]
[Site "Murek"]
[Date "1998.??.??"]
[Round "1"]
[White "Vyparina, Matej"]
[Black "Szymanski, Marcin"]
[Result "0-1"]
[WhiteElo "2120"]
[BlackElo "2295"]

1.Nf3 e6 2.c4 Nf6 3.Nc3 Bb4 4.d4 b6 5.g3 Bb7 6.Bg2 O-O 7.O-O Bxc3 8.bxc3 d6
9.Nd2 Bxg2 10.Kxg2 e5 11.Qc2 Nc6 12.e3 Qe7 13.a4 Na5 14.Ba3 c5 15.e4 Nh5
16.Rab1 Qe6 17.Qd3 Qg4 18.Kh1 Rae8 19.Rfe1 Re6 20.Qe2 Qxe2 21.Rxe2 Rc8 22.d5 Re7
23.Kg2 g6 24.Re3 Rce8 25.f3 f5 26.Ree1 Rf7 27.Rf1 Ref8 28.Rbe1 Nf6 29.Re2 Nh5
30.Ref2 Ng7 31.Bb2 g5 32.Ba3 h5 33.h3 Ne8 34.Bb2 Ng7 35.Ba3 Kh7 36.Bb2 Kg6
37.Ba3 Ne8 38.Bb2 Ng7 39.Bc1 Rf6 40.Bb2 R8f7 41.Bc1 f4 42.g4 Rf8 43.Rh1 Rh8
44.Kg1 Kf7 45.Rfh2 Rfh6 46.Ba3 Ne8 47.Kg2 Nf6 48.Bb2 Ng8 49.Ba3 Ne7 50.Bb2 Nc8
51.Ba3 Ke7 52.Bb2 Kd7 53.Ba3 Ne7 54.Bb2 Kc7 55.Ba3 hxg4 56.hxg4 Rxh2+ 57.Rxh2 Rxh2+
58.Kxh2 Nc8 59.Kg2 b5 60.cxb5 Nb6 61.Kf2 Nxa4 62.Nb1 Nc4 63.Bc1 Kb6 64.Ke2 Kxb5
65.Kd3 Nab6 66.Kc2 Ka4 67.Bd2 Na3+ 68.Nxa3 Kxa3 69.Bc1+ Ka2 70.c4 Nxc4 71.Kc3 Nb6
72.Kc2 a5 73.Bd2 Nc4  0-1

[Event "EU-ch U16 Girls"]
[Site "Murek"]
[Date "1998.??.??"]
[Round "2"]
[White "Umpfenbach, Carolina"]
[Black "Matnadze, Ana"]
[Result "1/2-1/2"]
[WhiteElo "2050"]
[BlackElo "2280"]

1.d4 Nf6 2.c4 e6 3.Nc3 Bb4 4.Nf3 d5 5.Bg5 O-O 6.e3 h6 7.Bh4 a6 8.Rc1 dxc4
9.Bxc4 b5 10.Be2 c5 11.O-O cxd4 12.Nxd4 Bb7 13.Bf3 Ra7 14.Bxb7 Rxb7 15.Qf3 Rd7
16.Ne4 Be7 17.Nxf6+ Bxf6 18.Bxf6 Qxf6 19.Qxf6 gxf6 20.Rc2 Rfd8 21.g3 Rd6
22.Rfc1 Nd7 23.Rc6 Ne5 24.Rxd6 Rxd6 25.b3 f5 26.h3 Kg7 27.Rc3 Kf6 28.f4 Nd7
29.Rc6 Ke7 30.Rc7 Kd8 31.Rc2 Nf6 32.Nc6+ Ke8 33.Ne5 Ne4 34.Kg2 f6 35.Nf3 Rd3
36.Nd4 Kd7 37.Kf3 Nc3 38.g4 fxg4+ 39.hxg4 Nd5 40.Re2 e5 41.fxe5 fxe5 42.Nf5 Nc3
43.Rh2 Rd1 44.Nxh6 Rf1+ 45.Kg2  1/2-1/2

[Event "US-ch U20"]
[Site "New York"]
[Date "1998.??.??"]
[Round "5"]
[White "Viloria, Joh"]
[Black "Ariel, Donny"]
[Result "1-0"]
[WhiteElo "2350"]
[BlackElo "2290"]

1.d4 Nf6 2.c4 e6 3.Nc3 Bb4 4.Nf3 c5 5.a3 Bxc3+ 6.bxc3 Qa5 7.Bd2 d6 8.Qc2 Nc6
9.e4 e5 10.Bd3 Qc7 11.d5 Ne7 12.Nh4 O-O 13.O-O Nh5 14.g3 Bh3 15.Rfe1 g6 16.Bh6 Ng7
17.Bf1 Bxf1 18.Rxf1 Kh8 19.Rae1 Ng8 20.Bc1 Qe7 21.Ng2 Qd7 22.f4 f6 23.f5 Rab8
24.g4 g5 25.h4 h6 26.Rf3 Ne8 27.Rh3 Kg7 28.Kf2 b5 29.Reh1 Kf7 30.hxg5 fxg5
31.Rxh6 Nxh6 32.Rxh6 Nf6 33.Kg3 Rg8 34.Ne1 Rg7 35.cxb5 Qxb5 36.Nf3 Rbg8 37.Rxf6+ Kxf6
38.Qh2 Ke7 39.Qh6 Kd7 40.Qe6+ Kc7 41.f6 Qf1 42.fxg7 Rxg7 43.Bxg5 Rh7 44.Bh4 Rd7
45.g5 Qd3 46.Qf5 Qxc3 47.g6 Qc1 48.Qf8 c4 49.Bg5  1-0

[Event "RUS-Cup"]
[Site "Omsk/Perm"]
[Date "1998.??.??"]
[Round "2"]
[White "Ovchinikova, Julia"]
[Black "Syrchikov, Alexander"]
[Result "0-1"]
[WhiteElo "2200"]
[BlackElo "2365"]

1.d4 Nf6 2.c4 e6 3.Nc3 Bb4 4.Nf3 b6 5.Bg5 h6 6.Bh4 g5 7.Bg3 Ne4 8.Qc2 Bb7
9.e3 Bxc3+ 10.bxc3 d6 11.Bd3 Nxg3 12.fxg3 Nd7 13.O-O Qe7 14.Rf2 O-O-O 15.Raf1 Rdf8
16.Be4 Ba6 17.Bc6 Nb8 18.d5 Bxc4 19.e4 Bxf1 20.Rxf1 f5 21.Qa4 a6 22.Re1 fxe4
23.Qxe4 e5 24.Qg4+ Nd7 25.h3 h5 26.Bxd7+ Qxd7 27.Qxg5 Rf5 28.Qe3 Rg8 29.Nd2 Qb5
30.Ne4 Qxd5 31.Kh2 Qxa2 32.Qd3 Rgf8 33.c4 Qa5 34.Rd1 Kb7 35.Qe2 Ka7 36.Qd3 R5f7
37.Qe2 Qa4 38.Qd3 Qc6 39.Ra1 Kb7 40.Qe2 d5  0-1

[Event "RUS-Cup"]
[Site "Omsk/Perm"]
[Date "1998.??.??"]
[Round "6"]
[White "Rashkovsky, Nukhim N"]
[Black "Syrchikov, Alexander"]
[Result "1-0"]
[WhiteElo "2505"]
[BlackElo "2365"]

1.d4 Nf6 2.c4 e6 3.Nc3 Bb4 4.Nf3 b6 5.Bg5 h6 6.Bh4 g5 7.Bg3 Ne4 8.Qc2 Bb7
9.e3 Bxc3+ 10.bxc3 d6 11.Bd3 f5 12.d5 Nc5 13.Nd4 Qf6 14.O-O O-O 15.f4 g4
16.e4 fxe4 17.Bxe4 Nxe4 18.Qxe4 exd5 19.cxd5 Na6 20.f5 h5 21.c4 Nc5 22.Qe3 Rae8
23.Ne6 b5 24.Rab1 bxc4 25.Rxb7 Nxb7 26.Be1 Qg7 27.Bc3 Qh7 28.Qg5+ Kf7 29.Qf6+ Kg8
30.Nxf8 Rxf8 31.Qg5+ Kf7 32.Re1  1-0

[Event "NOR-ch"]
[Site "Oslo"]
[Date "1998.??.??"]
[Round "4"]
[White "Christenson, Flemming"]
[Black "Fyllingen, Roy Harald"]
[Result "0-1"]
[WhiteElo "2210"]
[BlackElo "2390"]

1.d4 Nf6 2.Nf3 e6 3.c4 Bb4+ 4.Nc3 b6 5.Bg5 Bb7 6.e3 h6 7.Bh4 g5 8.Bg3 Ne4
9.Qc2 Bxc3+ 10.bxc3 Nxg3 11.hxg3 Nc6 12.Rh5 Qf6 13.g4 O-O-O 14.Rb1 d6 15.Bd3 Na5
16.Ke2 Kb8 17.Rb5 Ba6 18.Rxa5 bxa5 19.Rh1 Ka8 20.Qa4 Rb8 21.Qc6+ Bb7 22.Qa4 h5
23.Nd2 Bxg2 24.Rg1 Bb7 25.Ne4 Qe7 26.c5 f5 27.c6 fxe4 28.cxb7+ Rxb7 29.Bb5 Kb8
30.gxh5 Qf6 31.Rg3 Rf8 32.f3 exf3+ 33.Kf2 Qf5 34.c4 c6 35.Qa3 Qc2+  0-1